Communism: a short outline of general theory (Record no. 492726)

000 -LEADER
fixed length control field 00336cam a22001217a 4500
008 - FIXED-LENGTH DATA ELEMENTS--GENERAL INFORMATION
fixed length control field 180718b1973 xxu||||| |||| 00| 0 eng d
082 ## - DEWEY DECIMAL CLASSIFICATION NUMBER
Classification number B235 Al26
100 ## - MAIN ENTRY--PERSONAL NAME
Personal name Alexander, T.
245 ## - TITLE STATEMENT
Title Communism: a short outline of general theory
Statement of responsibility, etc. by T. Alexander
260 ## - PUBLICATION, DISTRIBUTION, ETC.
Place of publication, distribution, etc. New Delhi
Name of publisher, distributor, etc. The Author
Date of publication, distribution, etc. 1973
300 ## - PHYSICAL DESCRIPTION
Extent 190p.
650 ## - SUBJECT ADDED ENTRY--TOPICAL TERM
Topical term or geographic name entry element Communism.
Holdings
Withdrawn status Lost status Damaged status Not for loan Permanent Location Current Location Date acquired Full call number Barcode Date last seen Price effective from Koha item type
        Indian Institute of Public Administration Indian Institute of Public Administration 2018-08-04 B235 Al26 GR16556 2018-08-04 2018-08-04 GR

Powered by Koha